| 000 | 00552nam a2200193Ia 4500 | ||
|---|---|---|---|
| 003 | IN-BaIIA | ||
| 008 | 211028s9999 xx 000 0 eng d | ||
| 020 | _a0-08-022022-3 | ||
| 040 | _cIIA Library | ||
| 080 |
_a063:629.19 _bHOL |
||
| 100 |
_aHolmquist, R. _910423 |
||
| 245 | 0 |
_aLife science and space research _bvol. XVI _cR. Holmquist and A. C. Stickland |
|
| 260 |
_aOxford _bPergamon Press _c1978 |
||
| 300 | _aix, 157p. | ||
| 650 | _aAstronomy and Astrophysics thesaurus | ||
| 650 | _aSpace science | ||
| 700 | _aStickland A. C. | ||
| 942 | _cBK | ||
| 999 |
_c6004 _d6004 |
||